000 00302cam a2200133ua 4500
041 _aeng
_h
082 _a823.308
_b
100 _aRogers, G.F.C.
245 _asecond in Eden /
_cRogers.
_hTextual Documents
260 _a :
_bPutham ,
_c1964.
300 _a381 ; .
504 _a
999 _c11385
_d11385